| 000 | 01263cam a22003135i 4500 | ||
|---|---|---|---|
| 999 |
_c1075 _d1075 |
||
| 003 | EG-ScBUE | ||
| 005 | 20191117112345.0 | ||
| 008 | 110619s2003 si a f b 001 0 eng d | ||
| 020 | _a9812406484 | ||
| 020 | _a9789812406484 | ||
| 040 |
_aEG-ScBUE _beng _erda _cEG-ScBUE _dEG-ScBUE |
||
| 082 | 0 | 4 |
_a658.403 _bAND _222 |
| 100 | 1 |
_aAnderson, David R. _q(David Ray), _d1941- _eauthor. |
|
| 245 | 1 | 3 |
_aAn introduction to management science : _bquantitative approaches to decision making / _cDavid R. Anderson, University of Cincinnati, Dennis J. Sweeney, University of Cincinnati, Thomas A. Williams, Rochester Institute of Technology. |
| 250 | _aTenth edition. | ||
| 264 | 1 |
_aSingapore : _bThomson Asia : _bThomson / South-Western, _c2003. |
|
| 300 |
_axxiv, 881 pages : _billustrations ; _c27 cm |
||
| 336 |
_atext _btxt _2rdacontent |
||
| 337 |
_aunmediated _bn _2rdamedia |
||
| 338 |
_avolume _bnc _2rdacarrier |
||
| 504 | _aIncludes bibliographical references and index. | ||
| 650 | 7 |
_aManagement science. _2BUEsh _925478 |
|
| 650 | 7 |
_aManagement science _xMathematical models. _2BUEsh |
|
| 651 | _2BUEsh | ||
| 653 |
_bBUSADM _cNovember2019 |
||
| 700 | 1 |
_aSweeney, Dennis J. _eauthor. _925479 |
|
| 700 | 1 |
_aWilliams, Thomas A. _d1944- _eauthor. |
|
| 942 | _cBB | ||